Guess The NBA Stadium - Statistics

General Stats
  • This quiz has been taken 57 times
  • The average score is 17 of 30
Answer Stats
Picture Answer % Correct
Boston Celtics
93%
New York Knicks
90%
Milwaukee Bucks
88%
Miami Heat
86%
Philadelphia 76ers
86%
Brooklyn Nets
81%
Golden State Warriors
81%
Detroit Pistons
76%
Los Angeles Lakers
76%
Atlanta Hawks
74%
Charlotte Hornets
67%
New Orleans Pelicans
64%
Toronto Raptors
62%
Washington Wizards
62%
Oklahoma City Thunder
57%
Chicago Bulls
55%
Los Angeles Clippers
52%
Minnesota Timberwolves
50%
Cleveland Cavaliers
48%
Indiana Pacers
48%
Houston Rockets
43%
Memphis Grizzlies
43%
Utah Jazz
43%
Dallas Mavericks
38%
San Antonio Spurs
38%
Denver Nuggets
36%
Portland Trail Blazers
31%
Orlando Magic
29%
Sacramento Kings
24%
Pheonix Suns
2%
No matching quizzes found
Score Distribution
Percent of People with Each Score
Percentile by Number Answered
Your Score History
You have not taken this quiz